Applied nonparametric econometrics (Record no. 17959)

MARC details
000 -LEADER
fixed length control field 00548nam a22001817a 4500
008 - FIXED-LENGTH DATA ELEMENTS--GENERAL INFORMATION
fixed length control field 191008b xxu||||| |||| 00| 0 eng d
020 ## - INTERNATIONAL STANDARD BOOK NUMBER
International Standard Book Number 0521279680
040 ## - CATALOGING SOURCE
Original cataloging agency KABU
Transcribing agency KABU
050 ## - LIBRARY OF CONGRESS CALL NUMBER
Classification number HB139
Item number .H46 2015 c. 1
100 ## - MAIN ENTRY--PERSONAL NAME
Personal name Henderson, Daniel J.
245 ## - TITLE STATEMENT
Title Applied nonparametric econometrics
Statement of responsibility, etc. Daniel J. Henderson, Christopher F. Parmeter
260 ## - PUBLICATION, DISTRIBUTION, ETC. (IMPRINT)
Place of publication, distribution, etc. New York
Name of publisher, distributor, etc. CUP
Date of publication, distribution, etc. 2015
300 ## - PHYSICAL DESCRIPTION
Extent xii, 367 p.
650 ## - SUBJECT ADDED ENTRY--TOPICAL TERM
Topical term or geographic name as entry element Econometrics
650 ## - SUBJECT ADDED ENTRY--TOPICAL TERM
Topical term or geographic name as entry element Nonparametric statistics
700 ## - ADDED ENTRY--PERSONAL NAME
Personal name Parmeter, Christopher F.
942 ## - ADDED ENTRY ELEMENTS (KOHA)
Source of classification or shelving scheme Library of Congress Classification
Koha item type General Collection
Classification part HB139
Holdings
Withdrawn status Lost status Source of classification or shelving scheme Not for loan Home library Current library Date acquired Cost, normal purchase price Total Checkouts Full call number Barcode Date last seen Copy number Price effective from Koha item type
    Library of Congress Classification   Kabarak, Main Campus Kabarak, Main Campus 08/10/2019 3780.15   HB139 .H46 2015 c. 1 023827 02/08/2024 c. 1 08/10/2019 General Collection
    Library of Congress Classification   Kabarak, Main Campus Kabarak, Main Campus 08/10/2019 3705.00   HB139 .H46 2015 c. 2 032977 02/08/2024 c. 2 08/10/2019 General Collection
    Library of Congress Classification   Kabarak, Main Campus Kabarak, Main Campus 08/10/2019 3705.00   HB139 .H46 2015 c. 3 032978 02/08/2024 c. 3 08/10/2019 General Collection
    Library of Congress Classification   Kabarak, Main Campus Kabarak, Main Campus 08/10/2019 3705.00   HB139 .H46 2015 c. 1 032979 28/04/2021 c. 1 08/10/2019 General Collection
Designed with assistance from East African Informatics Ltd